The economic history of Eastern Europe 1919-1975 (Titelsatznr. 45485)
[ MARC ]
| 000 -Satzkennung | |
|---|---|
| Kontrollfeld mit fester Länge | 00750nam a22002051cc4500 |
| 001 - Kontrollnummer | |
| Kontrollfeld | a987680631+Band1 |
| 035 ## - Systemkontrollnummer | |
| System-Kontrollnummer | a987680631 |
| 008 - Feld mit fester Länge zur physischen Beschreibung - Allgemeine Angaben | |
| Kontrollfeld mit fester Länge | 170707s1985 gw |||| 000u eng d |
| 020 ## - Internationale Standardbuchnummer | |
| Internationale Standardbuchnummer | 0198284446 |
| Verknüpfung | 0-19-828444-6 |
| 040 ## - Katalogisierungsquelle | |
| Übertragungsstelle | RU-10907106 |
| 003 - Kontrollnummer Identifier | |
| Kontrollfeld | RU-10907106 |
| 245 04 - Titel | |
| Titel | The economic history of Eastern Europe 1919-1975 |
| Zählung des Teils/der Abteilung eines Werkes | Band 1 |
| Titel eines Teils/einer Abteilung eines Werkes | Economic structure and performance between the two wars |
| 264 ## - Produktion, Veröffentlichung, Distribution, Herstellung und Urheberrechtsvermerk | |
| Herstellungs-, Veröffentlichungs- Vertriebs-, Erzeugungsort | Oxford : |
| Produzent, Herausgeber, Distributor, Hersteller | Clarendon Press, |
| Datum der Herstellung, der Veröffentlichung, des Vertriebs oder des Urheberschutzvermerks | 1985 |
| 246 12 - Titelvarianten | |
| Hauptsachtitel/Kurztitel | The economic history of Eastern Europe 1919-1975. Economic structure and performance between the two wars |
| Zählung des Teils/der Abteilung eines Werkes | Band 1 |
| 300 ## - Physische Beschreibung | |
| Umfang | 616 Seiten |
| 700 1# - Nebeneintragung - Personenname | |
| Personenname | Kaser, M. C. |
| Funktionsbezeichnung | HerausgeberIn |
| Koha-Normdatenidentnummer | 17589 |
| 700 1# - Nebeneintragung - Personenname | |
| Personenname | Radice, E. A. |
| Funktionsbezeichnung | HerausgeberIn |
| Koha-Normdatenidentnummer | 17590 |
| 773 08 - Übergeordnete Einheit | |
| Datensatzkontrollnummer | a987680631 |
| Zählung und erste Seite | Band1 |
| 942 ## - Zusätzliche Felder (Koha) | |
| Koha-Medientyp | Monographien |
| Ausgeschieden | Verloren | Klassifikation oder Aufstellungssystematik | Beschädigt | Nicht entleihbar | Heimatbibliothek | Aufenthaltsbibliothek | Aufstellungsort | Erwerbungsdatum | Inventarnummer | Signatur | Barcode | Letzte Aktivität | Preis gültig von | Koha-Medientyp |
|---|---|---|---|---|---|---|---|---|---|---|---|---|---|---|
| Andere/Generische Klassifikation | MWN Osteuropa | MWN Osteuropa | Lesesaal - 1 | 07/07/2017 | 17-03138 | W 60 F q Kas 1 (1) | E0040150790968AE | 23/04/2020 | 22/03/2021 | Monographien |